Nguyễn Trãi quốc âm từ điển A dictionary of 15th century ancient Vietnamese

保存先:
書誌詳細
第一著者: Trần, Trọng Dương
フォーマット: 図書
出版事項: Hà Nội Văn học 2018
版:Tái bản lần thứ 1, có sửa chữa bổ sung
主題:
タグ: タグ追加
タグなし, このレコードへの初めてのタグを付けませんか!
Thư viện lưu trữ: Trung tâm Học liệu Lê Vũ Hùng, Trường Đại học Đồng Tháp
LEADER 00871pam a22002418a 4500
001 00045082
005 20191018131022.0
008 110425s1982 ||||||Viesd
020 # # |c 199000  |a 9786049693335 
041 0 # |a Vie 
082 1 4 |a 895.922 11  |b NG527TR 
100 0 # |a Trần, Trọng Dương 
245 0 0 |a Nguyễn Trãi quốc âm từ điển  |c Trần Trọng Dương  |b A dictionary of 15th century ancient Vietnamese 
250 # # |a Tái bản lần thứ 1, có sửa chữa bổ sung 
260 # # |a Hà Nội  |b Văn học  |c 2018 
300 # # |a 575 tr.  |c 24 cm. 
653 # # |a Thơ Nôm 
653 # # |a Từ điển 
653 # # |a Việt Nam 
653 # # |a Văn học trung đại 
852 # # |j KD.0026462  |j KM.0033331 
910 # # |d 18/10/2019 
980 # # |a Trung tâm Học liệu Lê Vũ Hùng, Trường Đại học Đồng Tháp